Цветы в легендах и преданиях (Запись № 12744732)

Подробности
000 -МАРКЕР
контрольное поле 01875nam0a2200397 4500
001 - ИДЕНТИФИКАТОР ЗАПИСИ
контрольное поле RU\NLR\BIBL_A\022100366
005 - ИДЕНТИФИКАТОР ВЕРСИИ
контрольное поле 20260426030649.0
010 ## - МЕЖДУНАРОДНЫЙ СТАНДАРТНЫЙ НОМЕР КНИГИ (ISBN)
Номер (ISBN) 5-86863-073-4
Тираж 3000
035 ## - ДРУГИЕ СИСТЕМНЫЕ НОМЕРА
Идентификатор записи (NLR Aleph) 022100366
100 ## - ДАННЫЕ ОБЩЕЙ ОБРАБОТКИ
Данные общей обработки 20231220d1997 |||y0rusy50 ca
101 0# - ЯЗЫК РЕСУРСА
Язык текста, звукозаписи и т.д. русский
102 ## - СТРАНА ПУБЛИКАЦИИ ИЛИ ПРОИЗВОДСТВА
Страна публикации Российская Федерация
105 ## - ПОЛЕ КОДИРОВАННЫХ ДАННЫХ: ТЕКСТОВЫЕ МАТЕРИАЛЫ, МОНОГРАФИЧЕСКИЕ
Кодированные данные о монографическом текстовом документе y z 000zy
181 #0 - ПОЛЕ КОДИРОВАННЫХ ДАННЫХ: ВИД СОДЕРЖАНИЯ
Код вида содержания (ISBD) i
Код характеристики содержания (ISBD) axxe
182 #0 - ПОЛЕ КОДИРОВАННЫХ ДАННЫХ: ТИП СРЕДСТВА
Код типа средства (ISBD) n - непосредственное
200 1# - ЗАГЛАВИЕ И СВЕДЕНИЯ ОБ ОТВЕТСТВЕННОСТИ
Основное заглавие Цветы в легендах и преданиях
Наименование части Фиалка, лилия, тюльпан
Сведения, относящиеся к заглавию из книги Н. Ф. Золотницкого
-- [миниатюрное издание]
Первые сведения об ответственности АСКИ, Фонд развития отечественного книгоиздания имени И. Д. Сытина
203 ## - ВИД СОДЕРЖАНИЯ И ТИП СРЕДСТВА
Вид содержания Текст
Дополнительные сведения об издании визуальный
Тип средства непосредственный
210 ## - ПУБЛИКАЦИЯ, РАСПРОСТРАНЕНИЕ И ДР.
Место издания, распространения и т.д. Москва
Имя издателя, распространителя и т. д. Фонд им. И. Д. Сытина
Дата издания, распространения и т.д. 1997
215 ## - ФИЗИЧЕСКАЯ ХАРАКТЕРИСТИКА
Специфическое обозначение материала и объем 251, [3]
Размеры 8
225 1# - СЕРИЯ
Основное заглавие серии Библиотечка познавательного чтения
225 1# - СЕРИЯ
Основное заглавие серии Программа: миниатюрные книги
300 ## - ОБЩИЕ ПРИМЕЧАНИЯ
Текст примечания На обл. и суперобл. авт не указан
606 1# - НАИМЕНОВАНИЕ ТЕМЫ КАК ПРЕДМЕТ
Наименование темы Цветы
Тематический подзаголовок в фольклоре
Системный номер авторитетной/нормативной записи 1861643
Идентификатор авторитетной/нормативной записи RU\NLR\AUTH\661135400
606 ## - НАИМЕНОВАНИЕ ТЕМЫ КАК ПРЕДМЕТ
Наименование темы Цветы
Тематический подзаголовок Культурологические исследования
Системный номер авторитетной/нормативной записи 2103677
Идентификатор авторитетной/нормативной записи RU\NLR\AUTH\661575652
686 1# - ИНДЕКСЫ ДРУГИХ КЛАССИФИКАЦИЙ
Индекс Ш3(0)-694
686 1# - ИНДЕКСЫ ДРУГИХ КЛАССИФИКАЦИЙ
Индекс Т3(0)0-7
686 1# - ИНДЕКСЫ ДРУГИХ КЛАССИФИКАЦИЙ
Индекс Ю224.23
700 #1 - ИМЯ ЛИЦА - ПЕРВИЧНАЯ ОТВЕТСТВЕННОСТЬ
Графика поля Кириллица
Материалы, к которым относится поле rus
Начальный элемент ввода Золотницкий
Часть имени, кроме начального элемента ввода Н. Ф.
Даты 1851-1920
Расширение инициалов личного имени Николай Федорович
Системный номер авторитетной/нормативной записи 114801
Идентификатор авторитетной/нормативной записи RU\NLR\AUTH\774826
712 02 - НАИМЕНОВАНИЕ ОРГАНИЗАЦИИ - ВТОРИЧНАЯ ОТВЕТСТВЕННОСТЬ
Код отношения Прочие
Начальный элемент ввода Ассоциация книгоиздателей
Идентифицирующий признак Москва
Системный номер авторитетной/нормативной записи 286008
Идентификатор авторитетной/нормативной записи RU\NLR\AUTH\887013
852 ## - МЕСТОНАХОЖДЕНИЕ И ШИФР ХРАНЕНИЯ
Идентификатор организации NLR
Шифр хранения (Call Number) 72-0/944
942 ## - ДОПОЛНИТЕЛЬНЫЕ ЭЛЕМЕНТЫ ЗАПИСИ (АБИС)
Тип экземпляра АБИС Книга
980 ## - КОЛЛЕКЦИЯ
Название коллекции Национальная библиография
Экземпляры
Тип экземпляра Дата поступления Библиотека постоянного хранения Библиотека текущего хранения Место хранения Шифр хранения Штрих-код Статус экземпляра
Книга 10.01.2024 РНБ (Садовая) РНБ (Садовая) Русский книжный фонд -Главное здание, Ленинский читальный зал 72-0/944 22100366-10  
Книга 10.01.2024 РНБ (Садовая) РНБ (Садовая) Русский книжный фонд -Главное здание, Ленинский читальный зал 72-0/944а 22100366-20